I 20 nomi di persona più attribuiti in Italia nel 2024 - Statistics

Statistiche generali
  • Questo quiz è stato fatto 422 volte
  • Il punteggio medio è 9 su 20
Statistiche sulle risposte
Genere Nome % Corretto
Maschile Francesco
80%
Femminile Giulia
76%
Maschile Andrea
70%
Maschile Alessandro
68%
Femminile Sofia
63%
Maschile Mattia
58%
Maschile Leonardo
56%
Maschile Lorenzo
50%
Femminile Emma
45%
Femminile Alice
41%
Maschile Tommaso
38%
Maschile Edoardo
37%
Femminile Aurora
35%
Maschile Riccardo
33%
Maschile Gabriele
32%
Femminile Beatrice
29%
Femminile Ginevra
27%
Femminile Matilde
23%
Femminile Ludovica
20%
Femminile Vittoria
20%
Nessun quiz corrispondente trovato
Distribuzione punteggi
Percentuale di utenti per punteggio
Percentile per numero di risposta
I tuoi punteggi nel tempo
Non hai fatto questo quiz